00484nam a2200157 i 4500001000300000100002400003245005000027260002100077040000800098041000800106942000700114008004100121999001700162856009800179952004900277bg1 aJANKE, Włodzimierz 0aElementy elektroniczne /cWłodzimierz Janke. aGdańsk,c1980. cBPK apol cKS s pl f |000 0 pol  c19110d19110 uhttp://koha.tu.koszalin.pl/cgi-bin/koha/opac-detail.pl?biblionumber=19110yKatalog online BPK 00104070aBPKbBPKcwo26825p01100693yKS